Statistics for Rochester, NY General Knowledge

Click here to take the quiz!

General Stats

  • This quiz has been taken 310 times
  • The average score is 12 of 18

Answer Stats

HintAnswer% Correct
Major film company based in RochesterEastman Kodak
95%
Northeast grocery chain founded in RochesterWegmans
92%
Copier company founded in RochesterXerox
91%
Rochester is on the shore of this lakeOntario
88%
County that contains RochesterMonroe
85%
New York lake region south of RochesterFinger Lakes
84%
Historic manmade waterway that flows through RochesterErie Canal
81%
Rochester's questionable contribution to American cuisineGarbage Plate
79%
The star blossom of that festivalLilac
77%
Rochester's size rank among New York State citiesthird
76%
Rochester's RiverGenesee
75%
Rochester's nickname based on history of nurseries that eventually spawned an annual spring festivalFlower City
69%
Rochester's nickname based on river millsFlour City
65%
Largest employer in RochesterUniversity of Rochester
57%
Made RayBans in RochesterBausch And Lomb
43%
This National Hall of Fame is located in RochesterToys
43%
One time predominant communication company started in RochesterWestern Union
12%
Rochester's optical nicknameThe World's Image Center
3%

Score Distribution

Percentile by Number Answered

Percent of People with Each Score

Your Score History

You have not taken this quiz